Statistiques concernant Plus Grandes Villes Martinique

Cliquez ici pour prendre le quiz!

Statistiques générales

  • Ce quiz a été pris 97 fois
  • Le résultat moyen est 7 sur 11

Statistiques - réponses

Ville
Population
(en milliers)
% Correct
Fort de France78
100%
Le Lamentin40
84%
Schoelcher19
71%
Le Robert22
70%
Ducos17
69%
Le François16
64%
La Trinité12
63%
Rivière Salée11
59%
Saint Joseph16
59%
Sainte Marie16
56%
Rivière Pilote11
55%

Distribution des résultats

Percentile par nombre de réponses

% des personnes avec chaque résultat

Votre développement - résultats

Vous n’avez pas pris ce quiz